000
00301nam a22001337a 4500
008
170728b xxu||||| |||| 00| 0 eng d
020
_a
9780534520854
041
_a
eng
080
_a
004
100
_a
32
101
_a
SHK
245
_a
SOCIETY, ETHICS AND TECHNOLOGY
_c
WINSTON,M.E
942
_2
udc
_c
BK
999
_c
22135
_d
22135